00554nam a22001937a 450000500170000001000140001702000250003103500130005603700130006908200080008210000180009024501000010826000350020827000470024330000220029065000200031270000250033270000030035720100812105356.0 aENG-99828 a9788125037446c95.00 aEN-83360 bDBAD/PUB a485 aThorat, Ashok aEnriching oral and written communication in English /cby Ashok Thorat [and] Munira Lokhandwala aMumbaibOrient BlackSwanc2009 bMumbaie400001aKamani Marg,Ballard Estate a149p.c23cm (pbk) aEnglish Grammer aLokhandwala, Munira